Most expensive Belgian footballers - Statistics

General Stats
  • This quiz has been taken 52 times
  • The average score is 8 of 10
Answer Stats
Year Buying club Player Price (Euro) % Correct
2019 Real Madrid Eden Hazard €115 million
100%
2015 Manchester City Kevin De Bruyne €76 million
100%
2019 Inter Romelo Lukaku €74 million
98%
2021 Chelsea Romelu Lukaku €113 million
98%
2017 Manchester United Romelu Lukaku €84.7 million
98%
2023 Manchester City Jérémy Doku €60 million
71%
2019 Leicester Youri Tielemans €45 million
67%
2024 Aston Villa Amadou Onana €59.4 million
59%
2015 Liverpool Christian Benteke €46.5 million
59%
2023 Chelsea Roméo Lavia €62.1 million
47%
No matching quizzes found
Score Distribution
Percent of People with Each Score
Percentile by Number Answered
Your Score History
You have not taken this quiz